Loading...

Contemporary political theory(New dimensions, basic concepts and major trends)

Bibliographic Details
Main Author: Johari, J C
Format: Printed Book
Published: Bangalore, Sterling 1987
Subjects:
LEADER 005220000a22001570004500
020 |a 81-207-0702-8 
082 |a 320.5 M72 
100 |a Johari, J C 
245 |a Contemporary political theory(New dimensions, basic concepts and major trends) 
260 |a Bangalore, Sterling 
260 |c 1987 
465 |a R 200 
650 |a Political science 
942 |c BK 
999 |c 16888  |d 16888 
952 |0 0  |1 0  |4 0  |6 320_500000000000000_M72  |7 0  |8 ENG  |9 16692  |a MGUL  |b MGUL  |d 2013-07-16  |e R 200  |l 1  |o 320.5 M72  |p 06397  |r 2019-04-05  |s 2019-03-25  |w 2013-07-16  |y BK